02677cam a2200337 i 450000100090000000300060000900500170001500800410003201000170007301500190009002000290010903500170013804001070015504100080026204200080027005000230027810000390030124501080034024601000044826400680054830000230061650400670063950502020070652012290090865000320213765000430216965000280221265000580224065000140229865000270231210446464CaAEU20260511174551.0220815s2023 mau b 001 0 eng  a 2022034376 aGBC2M35562bnb a9781647820558qhardcover aon1261362961 aMH/DLCbengerdacDLCdOCLCFdVIAdJQMdJQWdYDXdUKMGBdJCXdYUSdFHPdCQCdOCLCOdBECOEdOCLCLdARDC aeng apcc00aCB478b.C4936 2023 aChamorro-Premuzic, Tomas,eauthor.10aI, human b: AI, automation, and the quest to reclaim what makes us unique c/ Tomas Chamorro-Premuzic.3 aI, human b: artificial intelligence, automation, and the quest to reclaim what makes us unique 1aBoston, Massachusetts :bHarvard Business Review Press,c[2023] a188 pages ;c25 cm aIncludes bibliographical references (pages 159-173) and index.0 aBeing in the AI age — Weapons of Mass Distraction — The End of Patience — Taming Bias — Digital Narcissism — The Rise of Predictable Machines — Automating Curiosity — How to Be Human. a"It's no secret that AI is changing the way we live, work, love, and entertain ourselves. Dating apps are using AI to pick our potential partners. Retailers are using AI to predict our behavior and desires. Rogue actors are using AI to persuade us with Twitter bots and fake news. Companies are using AI to hire us-or not. This is just the beginning. As AI becomes smarter and more humanlike, our societies, our economies, and our humanity will undergo the most dramatic changes we've seen since the Agricultural Revolution. Some of these changes will enhance our species. Others may dehumanize us and make us more machinelike in our interactions with others. It's up to us to adapt and determine how we want to live and work. Are you ready? In I, Human psychologist Tomas Chamorro-Premuzic offers a guide for reclaiming ourselves in a world in which most of our decisions will be made for us. To do so, we'll need to double down on what makes us so special-our curiosity, adaptability, and emotional intelligence-while relying on the lost virtues of empathy, humility, and self-control. Filled with big-think fascinations and practical wisdom, I, Human is the book we need to thrive in the future"--cProvided by publisher. 0aTechnology and civilization 0aInformation technologyxSocial aspects 0aArtificial Intelligence 0aHuman beingsxEffect of technological innovations on. 0aHumanity. 0aEmotional intelligence